[Event "Mittelfranken-chTB2b 1920"]
[Site "Mittelfranken"]
[Date "2020.01.12"]
[Round "4.8"]
[White "Guttenberger, Constantin"]
[Black "Lang, Franz"]
[Result "1-0"]
[WhiteElo "1616"]
[BlackElo "1597"]
[PlyCount "71"]
[EventDate "2019.10.13"]
[EventType "team-tourn"]
[EventRounds "9"]
[EventCountry "GER"]
[SourceTitle "EXT 2023"]
[Source "ChessBase"]
[SourceDate "2022.10.05"]
[SourceVersion "1"]
[SourceVersionDate "2022.10.05"]
[SourceQuality "1"]
[WhiteTeam "Stein SC"]
[BlackTeam "Uttenreuth"]
[WhiteTeamCountry "GER"]
[BlackTeamCountry "GER"]

1. e4 e5 2. Nf3 d6 3. d3 f5 4. Be2 Nf6 5. Nbd2 Nc6 6. 0-0 Be7 7. c3 fxe4 8. dxe4 Be6 9. Ng5 Qd7 10. Nxe6 Qxe6 11. Bc4 Qd7 12. Qb3 Na5 13. Qb5 Nxc4 14. Qxb7 0-0 15. Nxc4 Rfb8 16. Qa6 Nxe4 17. Nxe5 Qb5 18. Qxb5 Rxb5 19. Nc6 Bf6 20. Nd4 Bxd4 21. cxd4 Rb4 22. Rd1 d5 23. f3 Nd6 24. b3 Re8 25. Ba3 Rbb8 26. Bxd6 cxd6 27. Re1 Kf7 28. Kf2 Rxe1 29. Kxe1 Rc8 30. Kd2 Ke6 31. Rc1 Rd8 32. Rc7 Rd7 33. Rxd7 Kxd7 34. b4 Kc6 35. a4 a6 36. Ke3 1-0

[Event "Mittelfranken-chTB2b 1819"]
[Site "Mittelfranken"]
[Date "2018.11.04"]
[Round "2.8"]
[White "Trainbauer, Walter"]
[Black "Lang, Franz"]
[Result "0-1"]
[WhiteElo "1596"]
[BlackElo "1634"]
[PlyCount "88"]
[EventDate "2018.10.14"]
[EventType "team-tourn"]
[EventRounds "9"]
[EventCountry "GER"]
[SourceTitle "EXT 2022"]
[Source "ChessBase"]
[SourceDate "2021.10.06"]
[SourceVersion "1"]
[SourceVersionDate "2021.10.06"]
[SourceQuality "1"]
[WhiteTeam "Muehlhof/Schwabach II"]
[BlackTeam "Uttenreuth"]
[WhiteTeamCountry "GER"]
[BlackTeamCountry "GER"]

1. e4 e6 2. d4 d5 3. e5 c5 4. c3 Nc6 5. Bb5 Bd7 6. Bxc6 bxc6 7. Qg4 cxd4 8. cxd4 Qb6 9. Ne2 Ne7 10. Ng3 Qb4+ 11. Nc3 c5 12. Nge2 Ng6 13. a3 Qb6 14. dxc5 Bxc5 15. Qg3 Qc7 16. b4 Be7 17. Bf4 0-0 18. 0-0 Rac8 19. Rfc1 Qb8 20. Qe3 Nxf4 21. Qxf4 Rc4 22. Qe3 f6 23. f4 a5 24. Qd3 Bc6 25. Nd4 Qb6 26. Nce2 Bb5 27. Rxc4 Bxc4 28. bxa5 Qa7 29. Qe3 Bxe2 30. Re1 Bc5 31. Qxe2 Bxd4+ 32. Kh1 fxe5 33. fxe5 Qxa5 34. Rd1 Ba7 35. Qg4 Qa6 36. h3 Bb8 37. Re1 Rf1+ 38. Rxf1 Qxf1+ 39. Kh2 Bxe5+ 40. g3 Qf2+ 41. Kh1 Qf6 42. a4 Bd4 43. Qe2 Qf5 44. g4 Qe4+ 0-1

[Event "Mittelfranken-chTB2b 1718"]
[Site "Mittelfranken"]
[Date "2018.02.18"]
[Round "5.7"]
[White "Ruderer, Thomas"]
[Black "Lang, Franz"]
[Result "1-0"]
[WhiteElo "1671"]
[BlackElo "1555"]
[PlyCount "41"]
[EventDate "2017.10.08"]
[EventType "team-tourn"]
[EventRounds "9"]
[EventCountry "GER"]
[SourceTitle "EXT 2022"]
[Source "ChessBase"]
[SourceDate "2021.10.06"]
[SourceVersion "1"]
[SourceVersionDate "2021.10.06"]
[SourceQuality "1"]
[WhiteTeam "Heideck/Hilpoltstein"]
[BlackTeam "Uttenreuth"]
[WhiteTeamCountry "GER"]
[BlackTeamCountry "GER"]

1. e4 e5 2. Nf3 d6 3. d4 exd4 4. Nxd4 Nf6 5. Nc3 Bd7 6. Bd3 Nc6 7. Nf5 g6 8. Ng3 Bg7 9. Bd2 Qe7 10. 0-0 0-0-0 11. a3 h5 12. b4 h4 13. Nge2 Ng4 14. h3 Nge5 15. Nd5 Qe6 16. Rc1 Bh6 17. b5 Nb8 18. f4 Nxd3 19. cxd3 c6 20. Qa4 f5 21. Qa5 1-0

[Event "Mittelfranken-chTB2b 1516"]
[Site "Mittelfranken"]
[Date "2015.12.06"]
[Round "4.8"]
[White "Lang, Franz"]
[Black "Schemm, Helmut"]
[Result "1-0"]
[WhiteElo "1566"]
[BlackElo "1502"]
[PlyCount "81"]
[EventDate "2015.10.18"]
[EventType "team-tourn"]
[EventRounds "9"]
[EventCountry "GER"]
[SourceTitle "EXT 2020"]
[Source "ChessBase"]
[SourceDate "2019.10.17"]
[SourceVersion "1"]
[SourceVersionDate "2019.10.17"]
[SourceQuality "1"]
[WhiteTeam "Uttenreuth"]
[BlackTeam "Schwanstetten"]
[WhiteTeamCountry "GER"]
[BlackTeamCountry "GER"]

1. e4 d6 2. d4 Nf6 3. Nc3 g6 4. Be3 Bg7 5. f3 c6 6. Qd2 Nbd7 7. Bd3 a6 8. Nge2 Qc7 9. 0-0 e5 10. dxe5 dxe5 11. Kh1 0-0 12. Bh6 b5 13. Bxg7 Kxg7 14. Ng3 h6 15. Rad1 Nb6 16. f4 Bg4 17. Rde1 Rad8 18. f5 b4 19. Nd1 Bxd1 20. Qxd1 c5 21. b3 a5 22. Qe2 a4 23. Rf2 axb3 24. axb3 Qd6 25. Nf1 Ra8 26. Ne3 g5 27. Rd1 Rad8 28. Rff1 Rh8 29. Bb5 Qc7 30. Ng4 Rd4 31. Nxf6 Kxf6 32. Ra1 Kg7 33. Ra6 Ra8 34. Rxa8 Nxa8 35. f6+ Kh7 36. Qh5 Rd8 37. Bc4 Rf8 38. Rf5 Qa5 39. h3 Qc7 40. Rxg5 Rg8 41. Rxg8 1-0

[Event "Mittelfranken-ch QT 53rd"]
[Site "Lauf"]
[Date "2004.04.07"]
[Round "1"]
[White "Lang, Franz"]
[Black "Gehret, Johannes"]
[Result "1-0"]
[WhiteElo "1701"]
[BlackElo "1147"]
[PlyCount "69"]
[EventDate "2004.04.07"]
[EventType "swiss"]
[EventRounds "7"]
[EventCountry "GER"]
[SourceTitle "EXT 2015"]
[Source "ChessBase"]
[SourceDate "2014.11.20"]
[SourceVersion "1"]
[SourceVersionDate "2014.11.20"]
[SourceQuality "1"]

1. e4 d6 2. d4 Nd7 3. Nf3 f6 4. Bc4 Nb6 5. Bb3 e6 6. Nc3 Ne7 7. Be3 g6 8. Qd2 f5 9. 0-0-0 fxe4 10. Nxe4 d5 11. Nc5 Nf5 12. Bg5 Be7 13. Rhe1 Qd6 14. Bxe7 Qxe7 15. g4 Ng7 16. Re5 0-0 17. Qe3 c6 18. Re1 Rf6 19. Ng5 Nd7 20. Qh3 h5 21. Nxd7 Bxd7 22. gxh5 gxh5 23. Qg3 Kf8 24. Nh7+ Ke8 25. Nxf6+ Qxf6 26. Rg5 Kf7 27. Qe5 Nf5 28. Rxh5 Be8 29. Rh7+ Kg6 30. Rg1+ Qg5+ 31. Rxg5+ Kxg5 32. Rg7+ Bg6 33. Qxe6 Re8 34. Qxg6+ Kf4 35. Qg4# 1-0

[Event "Mittelfranken-ch QT 52nd"]
[Site "Uttenreuth"]
[Date "2003.04.17"]
[Round "3"]
[White "Haeckler, David"]
[Black "Lang, Franz"]
[Result "1-0"]
[WhiteElo "1307"]
[BlackElo "1680"]
[PlyCount "149"]
[EventDate "2003.04.16"]
[EventType "swiss"]
[EventRounds "7"]
[EventCountry "GER"]
[SourceTitle "EXT 2015"]
[Source "ChessBase"]
[SourceDate "2014.11.20"]
[SourceVersion "1"]
[SourceVersionDate "2014.11.20"]
[SourceQuality "1"]

1. e4 e5 2. f4 d5 3. exd5 e4 4. Nc3 Nf6 5. Bc4 Bg4 6. Nge2 Bc5 7. h3 Bxe2 8. Qxe2 0-0 9. b3 c6 10. dxc6 Nxc6 11. Na4 Bd6 12. Bb2 Bxf4 13. 0-0 Nd4 14. Qf2 Be5 15. c3 Nc6 16. Rae1 Qd6 17. Bb5 Bg3 18. Qe3 Bxe1 19. Qxe1 Rad8 20. c4 Ne5 21. c5 Qe6 22. Qg3 Ng6 23. h4 Nh5 24. Qg5 Qd5 25. Rf5 Qxd2 26. Qxh5 Qe1+ 27. Rf1 Qb4 28. Bc4 Qa5 29. Qg4 b5 30. Bc3 Qa6 31. Be2 Qc6 32. h5 bxa4 33. b4 a5 34. hxg6 hxg6 35. Bc4 axb4 36. Bxb4 Rd4 37. Qe2 a3 38. Rb1 Rb8 39. Rb3 Rbd8 40. Rb1 Qa4 41. Qf1 Rd1 42. Rxd1 Rxd1 43. Bxf7+ Kh7 44. Be1 Qd4+ 45. Kh2 Qxc5 46. Qe2 Rxe1 47. Bxg6+ Kxg6 48. Qxe1 Qe5+ 49. Kg1 e3 50. Qe2 Kg5 51. Qe1 Qf4 52. g3 Qf2+ 53. Qxf2 exf2+ 54. Kxf2 Kg4 55. Kg2 g5 56. Kf2 Kh3 57. Kf3 g4+ 58. Kf4 Kg2 59. Kxg4 Kf2 60. Kf4 Ke2 61. g4 Kd3 62. g5 Kc3 63. g6 Kb2 64. g7 Kxa2 65. g8Q+ Kb2 66. Qb8+ Ka1 67. Ke3 a2 68. Qa7 Kb2 69. Qb6+ Ka1 70. Qa5 Kb2 71. Qb4+ Ka1 72. Qe1+ Kb2 73. Qd2+ Kb1 74. Kd3 a1Q 75. Ke3 1-0

[Event "Mittelfranken-ch QT 52nd"]
[Site "Uttenreuth"]
[Date "2003.04.16"]
[Round "2"]
[White "Lang, Franz"]
[Black "Beuschel, Uwe"]
[Result "1/2-1/2"]
[WhiteElo "1680"]
[BlackElo "1417"]
[PlyCount "98"]
[EventDate "2003.04.16"]
[EventType "swiss"]
[EventRounds "7"]
[EventCountry "GER"]
[SourceTitle "EXT 2015"]
[Source "ChessBase"]
[SourceDate "2014.11.20"]
[SourceVersion "1"]
[SourceVersionDate "2014.11.20"]
[SourceQuality "1"]

1. e4 e5 2. Nf3 Nc6 3. Bc4 Bc5 4. b4 Bxb4 5. c3 Bc5 6. 0-0 d6 7. d4 Bb6 8. dxe5 Nxe5 9. Nxe5 dxe5 10. Qb3 Qe7 11. Ba3 c5 12. Rd1 Nf6 13. Bb5+ Bd7 14. c4 0-0-0 15. Nc3 Bxb5 16. Qxb5 Kb8 17. Nd5 Nxd5 18. cxd5 Qd7 19. Qb3 Rc8 20. Rac1 Rhd8 21. Rc4 Rc7 22. Rdc1 Rdc8 23. Bb2 f6 24. Bc3 Qd6 25. Rb1 Ka8 26. a4 Rf7 27. Bd2 Qc7 28. Qb5 Qd7 29. a5 Qxb5 30. Rxb5 Bd8 31. Rbxc5 Rxc5 32. Rxc5 Rc7 33. Rxc7 Bxc7 34. Bb4 Kb8 35. Kf1 Kc8 36. Ke2 Kd7 37. h4 h5 38. Ke3 a6 39. Kf3 b6 40. axb6 Bxb6 41. g4 g6 42. gxh5 gxh5 43. Ke2 Bd8 44. f3 f5 45. Be1 f4 46. Kd3 Kd6 47. Kc4 Bb6 48. Bb4+ Kd7 49. Be1 Kd6 1/2-1/2

[Event "Mittelfranken-ch QT 52nd"]
[Site "Uttenreuth"]
[Date "2003.04.16"]
[Round "1"]
[White "Werner, Thomas1"]
[Black "Lang, Franz"]
[Result "1-0"]
[WhiteElo "1965"]
[BlackElo "1680"]
[PlyCount "73"]
[EventDate "2003.04.16"]
[EventType "swiss"]
[EventRounds "7"]
[EventCountry "GER"]
[SourceTitle "EXT 2015"]
[Source "ChessBase"]
[SourceDate "2014.11.20"]
[SourceVersion "1"]
[SourceVersionDate "2014.11.20"]
[SourceQuality "1"]

1. d4 Nf6 2. c4 e6 3. Nc3 Bb4 4. a3 Bxc3+ 5. bxc3 0-0 6. Bg5 b6 7. e4 d6 8. Qf3 Bb7 9. Bxf6 Qxf6 10. Qxf6 gxf6 11. d5 f5 12. exf5 exd5 13. cxd5 Re8+ 14. Kd2 Bxd5 15. f3 Bc6 16. Bd3 Nd7 17. Ne2 Nc5 18. Rae1 Rad8 19. Nd4 Nxd3 20. Kxd3 Ba4 21. f6 Bd7 22. g4 c5 23. Nf5 Be6 24. Ng7 Rf8 25. Nxe6 fxe6 26. Rxe6 d5 27. g5 d4 28. c4 Rde8 29. Rhe1 Rxe6 30. Rxe6 Kf7 31. Re7+ Kg6 32. h4 a6 33. Rg7+ Kf5 34. Rxh7 Kf4 35. Rb7 Kxf3 36. f7 Kg4 37. g6 1-0